[Event "Oberliga Ost B 2017 2018"]
[Site "Germany"]
[Date "2018.01.21"]
[Round "5.5"]
[White "George, Tom"]
[Black "Haubt, Georg"]
[Result "1/2-1/2"]
[WhiteElo "2205"]
[BlackElo "2183"]
[PlyCount "81"]
[EventDate "2017.10.22"]
[EventType "team-tourn"]
[EventCountry "GER"]
[WhiteTeam "Stadtilm SG BW"]
[BlackTeam "Oberursel SV"]
[WhiteTeamCountry "GER"]
[BlackTeamCountry "GER"]

1. d4 Nf6 2. Nf3 e6 3. g3 b6 4. Bg2 Bb7 5. c4 c5 6. d5 exd5 7. Nh4 g6 8. cxd5
d6 9. Nc3 Bg7 10. O-O O-O 11. e4 Re8 12. Re1 Nbd7 13. a4 c4 14. Be3 a6 15. Bd4
Qc7 16. b4 cxb3 17. Rc1 Nc5 18. Bxc5 bxc5 19. Qxb3 Bc8 20. Rb1 Nd7 21. Nf3 Rb8
22. Qc2 Rxb1 23. Nxb1 Qa5 24. Nbd2 Nb6 25. Nc4 Nxc4 26. Qxc4 Bd7 27. Bf1 Qxa4
28. Qxa4 Bxa4 29. Bxa6 Bc2 30. Nd2 f5 31. Nc4 Rxe4 32. Rc1 Bd3 33. Nxd6 Bxa6
34. Nxe4 fxe4 35. Rxc5 Bf8 36. Rc7 Bb5 37. Kg2 Bd6 38. Rb7 Bc4 39. Rd7 Be5 40.
Ra7 h5 41. Ra4 1/2-1/2

[Event "Oberliga Ost B 2017 2018"]
[Site "Germany"]
[Date "2018.01.21"]
[Round "5.6"]
[White "Oparaugo, Thomas"]
[Black "Siebarth, Marco"]
[Result "1/2-1/2"]
[WhiteElo "2095"]
[BlackElo "2024"]
[PlyCount "108"]
[EventDate "2017.10.22"]
[EventType "team-tourn"]
[EventCountry "GER"]
[WhiteTeam "Oberursel SV"]
[BlackTeam "Stadtilm SG BW"]
[WhiteTeamCountry "GER"]
[BlackTeamCountry "GER"]

1. e4 c5 2. Nf3 Nc6 3. d4 cxd4 4. Nxd4 Nf6 5. Nc3 e5 6. Ndb5 d6 7. Bg5 a6 8.
Na3 b5 9. Nd5 Be7 10. Bxf6 Bxf6 11. c3 Ne7 12. Nc2 Nxd5 13. Qxd5 Rb8 14. Rd1
Bb7 15. Qd3 O-O 16. Be2 Be7 17. Ne3 g6 18. Nd5 Bxd5 19. Qxd5 Qb6 20. h4 Qc5 21.
Qb3 b4 22. c4 Qc6 23. Rd5 Kg7 24. h5 h6 25. Qh3 Qc8 26. g4 g5 27. O-O Qc6 28.
b3 a5 29. c5 dxc5 30. Rxe5 Bf6 31. Rd5 Rfe8 32. Qd3 Rbd8 33. Bf3 Bd4 34. Kg2
Rxd5 35. exd5 Qd7 36. Qa6 Qd8 37. Rd1 Qa8 38. Qc6 Qd8 39. Rd2 Bc3 40. Re2 Rxe2
41. Bxe2 Qf6 42. d6 Be5 43. Qxc5 Bxd6 44. Qxa5 Qe5 45. Qxe5+ Bxe5 46. Kf3 Bd4
47. Bc4 Bc5 48. Ke2 f5 49. gxf5 Kf6 50. Be6 g4 51. f4 Bd6 52. Ke3 Bc5+ 53. Ke4
g3 54. Kf3 Bf2 1/2-1/2

[Event "Oberliga Ost B 2017 2018"]
[Site "Germany"]
[Date "2018.01.21"]
[Round "5.7"]
[White "Neubauer, Andreas"]
[Black "Haakert, Juergen"]
[Result "0-1"]
[WhiteElo "2145"]
[BlackElo "2312"]
[PlyCount "78"]
[EventDate "2017.10.22"]
[EventType "team-tourn"]
[EventCountry "GER"]
[WhiteTeam "Stadtilm SG BW"]
[BlackTeam "Oberursel SV"]
[WhiteTeamCountry "GER"]
[BlackTeamCountry "GER"]

1. Nf3 f5 2. g3 Nf6 3. Bg2 g6 4. b3 Bg7 5. Bb2 O-O 6. O-O d6 7. d4 a5 8. Nbd2
Nc6 9. Nc4 Kh8 10. a4 Nb4 11. Nfd2 c6 12. h3 Be6 13. Kh2 Qc7 14. e3 Bg8 15. Qb1
Rac8 16. f4 b5 17. Na3 bxa4 18. bxa4 Rb8 19. Re1 Bd5 20. c3 Bxg2 21. Kxg2 Nbd5
22. Qc2 Qb7 23. Rab1 c5 24. Kf2 e5 25. Nac4 cxd4 26. exd4 exf4 27. Ba3 Qc6 28.
Nxa5 Qa8 29. Nac4 Rxb1 30. Rxb1 Ne3 31. Nxe3 fxe3+ 32. Kxe3 Qg2 33. Bxd6 Re8+
34. Be5 Qxg3+ 35. Ke2 Nd7 36. Rb5 Bxe5 37. dxe5 Nxe5 38. Qb3 Nc4+ 39. Kd1 Qe1+
0-1

[Event "Oberliga Ost B 2017 2018"]
[Site "Germany"]
[Date "2018.01.21"]
[Round "5.8"]
[White "Nichols, Marc"]
[Black "Wolf, Philipp"]
[Result "1-0"]
[WhiteElo "2125"]
[BlackElo "1832"]
[PlyCount "65"]
[EventDate "2017.10.22"]
[EventType "team-tourn"]
[EventCountry "GER"]
[WhiteTeam "Oberursel SV"]
[BlackTeam "Stadtilm SG BW"]
[WhiteTeamCountry "GER"]
[BlackTeamCountry "GER"]

1. e4 c5 2. Nf3 e6 3. Nc3 Nc6 4. g3 Nf6 5. Bg2 Be7 6. O-O d6 7. d4 cxd4 8. Nxd4
Nxd4 9. Qxd4 Qc7 10. Nb5 Qxc2 11. Nxd6+ Bxd6 12. Qxd6 Bd7 13. e5 Ng4 14. Bg5 f6
15. exf6 gxf6 16. Rac1 Qf5 17. Rc7 Rd8 18. Bh4 Ne5 19. Rd1 Nf7 20. Qb4 Rg8 21.
Qxb7 Ne5 22. f4 Ng4 23. Qxa7 Rg7 24. h3 Nh6 25. Kh2 Rf7 26. Rd2 Qb5 27. Rb7 Qc4
28. Bxf6 Rxf6 29. Rbxd7 Rxd7 30. Qxd7+ Kf8 31. Qxh7 Qc8 32. Rd7 Nf7 33. Rxf7+
1-0

[Event "Oberliga Ost B 2017 2018"]
[Site "Germany"]
[Date "2018.01.21"]
[Round "5.1"]
[White "Chojnacki, Krzysztof"]
[Black "Strache, Michael"]
[Result "1-0"]
[WhiteElo "2377"]
[BlackElo "2287"]
[PlyCount "77"]
[EventDate "2017.10.22"]
[EventType "team-tourn"]
[EventCountry "GER"]
[WhiteTeam "Wiesbadener SV"]
[BlackTeam "Sangerhausen SV"]
[WhiteTeamCountry "GER"]
[BlackTeamCountry "GER"]

1. d4 f5 2. Nc3 Nf6 3. Bg5 d5 4. Bxf6 exf6 5. e3 c6 6. Bd3 Na6 7. Qf3 g6 8.
Bxa6 bxa6 9. Nge2 Bd6 10. Nf4 Rb8 11. Nd3 Qa5 12. O-O O-O 13. Rfc1 Qc7 14. g3
h5 15. Na4 Qf7 16. c4 dxc4 17. Qxc6 Bxg3 18. hxg3 cxd3 19. Qd6 Rb7 20. Rd1 f4
21. Qxf4 g5 22. Qe4 Rb4 23. Nc5 Rxb2 24. Rxd3 Re8 25. Qc6 Rb6 26. Qf3 Bg4 27.
Qg2 Be2 28. Rc3 Bc4 29. e4 Bxa2 30. d5 Rb1+ 31. Rxb1 Bxb1 32. Qf3 f5 33. Qe3
Bxe4 34. Qxg5+ Qg7 35. Nxe4 fxe4 36. Qxh5 Qe5 37. Qg6+ Kf8 38. Rc6 Qxd5 39. Rc7
1-0

[Event "Oberliga Ost B 2017 2018"]
[Site "Germany"]
[Date "2018.01.21"]
[Round "5.2"]
[White "Engelmann, Jakob"]
[Black "Geske, Julian"]
[Result "1/2-1/2"]
[WhiteElo "2259"]
[BlackElo "2398"]
[PlyCount "66"]
[EventDate "2017.10.22"]
[EventType "team-tourn"]
[EventCountry "GER"]
[WhiteTeam "Sangerhausen SV"]
[BlackTeam "Wiesbadener SV"]
[WhiteTeamCountry "GER"]
[BlackTeamCountry "GER"]

1. c4 Nf6 2. g3 c6 3. Bg2 d5 4. Nf3 Bg4 5. Ne5 Be6 6. cxd5 Bxd5 7. Nf3 c5 8.
Nc3 Bc6 9. O-O e6 10. d3 Be7 11. e4 O-O 12. Qe2 b5 13. a4 b4 14. Nb1 Bb7 15.
Nbd2 Nc6 16. Nb3 Rc8 17. Be3 Ba6 18. Rfd1 Nxe4 19. Ne1 Nf6 20. Nxc5 Nd4 21.
Bxd4 Bxc5 22. Be5 Bd4 23. Nf3 Bxe5 24. Nxe5 Qd6 25. Rac1 Nd5 26. Nc4 Qd7 27.
Qc2 Rc5 28. Qb3 Rfc8 29. Rc2 Nc3 30. Rdd2 Nxa4 31. Qxb4 h6 32. b3 Nb6 33. Ra2
Bb5 1/2-1/2

[Event "Oberliga Ost B 2017 2018"]
[Site "Germany"]
[Date "2018.01.21"]
[Round "5.3"]
[White "Gottschalk, Jens"]
[Black "Richter, Dustin"]
[Result "1-0"]
[WhiteElo "2268"]
[BlackElo "2176"]
[PlyCount "93"]
[EventDate "2017.10.22"]
[EventType "team-tourn"]
[EventCountry "GER"]
[WhiteTeam "Wiesbadener SV"]
[BlackTeam "Sangerhausen SV"]
[WhiteTeamCountry "GER"]
[BlackTeamCountry "GER"]

1. d4 Nf6 2. c4 g6 3. g3 Bg7 4. Bg2 O-O 5. Nc3 d6 6. Nf3 Nc6 7. O-O a6 8. Qd3
Rb8 9. d5 Nb4 10. Qd1 a5 11. h3 Bd7 12. a3 Na6 13. e4 e5 14. Be3 a4 15. Ne1 Qe8
16. Nd3 b6 17. Rb1 Nc5 18. Nxc5 bxc5 19. b4 axb3 20. Rxb3 Ra8 21. Qe2 Qc8 22.
Kh2 Ba4 23. Rb2 Nd7 24. Rfb1 Qa6 25. Bf1 Nb6 26. Bc1 Bd7 27. Ra1 f5 28. a4 f4
29. a5 fxg3+ 30. fxg3 Rf7 31. Be3 Rxf1 32. Qxf1 Nxc4 33. Re2 Nxe3 34. Rxe3 Qxf1
35. Rxf1 Rxa5 36. Rb1 Ra7 37. Rf3 Ra8 38. Rb7 Rc8 39. Nd1 Bh6 40. Nb2 Bc1 41.
Nc4 Ra8 42. Rf2 Rd8 43. Rc2 Bg5 44. Ra2 c6 45. Nxd6 cxd5 46. exd5 Bf5 47. Nf7
1-0

[Event "Oberliga Ost B 2017 2018"]
[Site "Germany"]
[Date "2018.01.21"]
[Round "5.4"]
[White "Hillmann, Michael"]
[Black "Minor, Samuel"]
[Result "1-0"]
[WhiteElo "2159"]
[BlackElo "2244"]
[PlyCount "73"]
[EventDate "2017.10.22"]
[EventType "team-tourn"]
[EventCountry "GER"]
[WhiteTeam "Sangerhausen SV"]
[BlackTeam "Wiesbadener SV"]
[WhiteTeamCountry "GER"]
[BlackTeamCountry "GER"]

1. d4 d6 2. Nf3 f5 3. c4 Nf6 4. e3 g6 5. b4 Bg7 6. Bb2 O-O 7. Qb3 c6 8. Nbd2
Kh8 9. c5 a5 10. a3 Na6 11. Bc4 b5 12. cxb6 Qxb6 13. bxa5 Qxa5 14. O-O Ne4 15.
Qc2 Rb8 16. Rab1 Bd7 17. Bd3 d5 18. Rfc1 Rb7 19. Bc3 Nxc3 20. Rxb7 Bc8 21. Rb2
Ne4 22. Qxc6 Nec5 23. Bxa6 Nxa6 24. Qxc8 Rxc8 25. Rxc8+ Bf8 26. Rxf8+ Kg7 27.
Ra8 g5 28. Nxg5 Qxa3 29. Rb1 Qd3 30. Ngf3 Qa3 31. h3 Qd6 32. Rb7 Nb4 33. Ne5 f4
34. Raa7 fxe3 35. Rxe7+ Kf6 36. Rf7+ Kg5 37. Ndf3+ 1-0

[Event "Oberliga Ost B 2017 2018"]
[Site "Germany"]
[Date "2018.01.21"]
[Round "5.5"]
[White "Nehmert, Ulrich"]
[Black "Hellwig, Tobias"]
[Result "0-1"]
[WhiteElo "2276"]
[BlackElo "2197"]
[PlyCount "60"]
[EventDate "2017.10.22"]
[EventType "team-tourn"]
[EventCountry "GER"]
[WhiteTeam "Wiesbadener SV"]
[BlackTeam "Sangerhausen SV"]
[WhiteTeamCountry "GER"]
[BlackTeamCountry "GER"]

1. e4 Nf6 2. e5 Nd5 3. c4 Nb6 4. d4 d6 5. Nf3 Nc6 6. exd6 exd6 7. Be2 Bg4 8. h3
Bh5 9. Nc3 Be7 10. O-O O-O 11. b3 d5 12. c5 Nc8 13. Bf4 a6 14. b4 Qd7 15. Ne5
Nxe5 16. dxe5 Bxe2 17. Nxe2 a5 18. Rb1 axb4 19. Rxb4 Bxc5 20. Rxb7 Bb6 21. Qc2
d4 22. Ng3 d3 23. Rd1 Qd5 24. Rxd3 Qxb7 25. Nh5 Ne7 26. Bh6 gxh6 27. Nf6+ Kg7
28. Rd7 Ng6 29. Nh5+ Kh8 30. Qf5 Qxg2+ 0-1

[Event "Oberliga Ost B 2017 2018"]
[Site "Germany"]
[Date "2018.01.21"]
[Round "5.6"]
[White "Heyder, Florian"]
[Black "Kayser, Felix"]
[Result "1-0"]
[WhiteElo "2174"]
[BlackElo "2149"]
[PlyCount "79"]
[EventDate "2017.10.22"]
[EventType "team-tourn"]
[EventCountry "GER"]
[WhiteTeam "Sangerhausen SV"]
[BlackTeam "Wiesbadener SV"]
[WhiteTeamCountry "GER"]
[BlackTeamCountry "GER"]

1. d4 d5 2. Nc3 Nf6 3. Bf4 Bf5 4. Nb5 Na6 5. e3 c6 6. Nc3 Nb4 7. Rc1 Qa5 8. Qd2
e5 9. Bxe5 O-O-O 10. a3 Na6 11. Bd3 Bxd3 12. Bxf6 gxf6 13. Qxd3 Nc7 14. Qf5+
Kb8 15. Nge2 Be7 16. O-O Ne8 17. e4 Nc7 18. Rfe1 Qb6 19. Rb1 dxe4 20. Nxe4 Rd5
21. Qf4 c5 22. c4 Rdd8 23. d5 Ka8 24. N2g3 Ne8 25. Nf5 Bd6 26. Nfxd6 Nxd6 27.
Nxd6 Rxd6 28. Re7 Rdd8 29. Rxf7 Rhe8 30. Qxf6 Qb3 31. Qc3 Qa2 32. Rd1 Re2 33.
Qf6 Rde8 34. Rf8 a6 35. Rxe8+ Rxe8 36. Qc3 Re2 37. d6 Rxb2 38. d7 Rxf2 39.
d8=Q+ Ka7 40. Qd5 1-0

[Event "Oberliga Ost B 2017 2018"]
[Site "Germany"]
[Date "2018.01.21"]
[Round "5.7"]
[White "Ungurean, Florin Ioan"]
[Black "Buerckner, Georg"]
[Result "1-0"]
[WhiteElo "1979"]
[BlackElo "2044"]
[PlyCount "69"]
[EventDate "2017.10.22"]
[EventType "team-tourn"]
[EventCountry "GER"]
[WhiteTeam "Wiesbadener SV"]
[BlackTeam "Sangerhausen SV"]
[WhiteTeamCountry "GER"]
[BlackTeamCountry "GER"]

1. d4 d5 2. Bf4 Nf6 3. e3 e6 4. Nf3 Be7 5. h3 O-O 6. Nbd2 b6 7. Bd3 Bb7 8. O-O
Nbd7 9. Qe2 c5 10. c3 Ne4 11. a4 f5 12. Ne5 Nxe5 13. Bxe5 Bd6 14. Nf3 Bc6 15.
Bxd6 Qxd6 16. Ne5 Ng5 17. f4 Ne4 18. Bxe4 fxe4 19. g4 Bd7 20. g5 cxd4 21. cxd4
Rfc8 22. a5 bxa5 23. Rxa5 Rc7 24. Rc5 Rac8 25. Rfc1 Ba4 26. b4 a5 27. Qa2 Be8
28. Qxa5 Rxc5 29. Rxc5 Rb8 30. b5 Qe7 31. Rc7 Qd8 32. Qa7 Ra8 33. Qc5 Bxb5 34.
Nf7 Be8 35. Nxd8 1-0

[Event "Oberliga Ost B 2017 2018"]
[Site "Germany"]
[Date "2018.01.21"]
[Round "5.8"]
[White "Rudolf, Henning"]
[Black "Doehring, Joachim"]
[Result "0-1"]
[WhiteElo "1864"]
[BlackElo "2076"]
[PlyCount "94"]
[EventDate "2017.10.22"]
[EventType "team-tourn"]
[EventCountry "GER"]
[WhiteTeam "Sangerhausen SV"]
[BlackTeam "Wiesbadener SV"]
[WhiteTeamCountry "GER"]
[BlackTeamCountry "GER"]

1. e4 Nf6 2. e5 Nd5 3. d4 d6 4. Nf3 Bg4 5. Be2 e6 6. O-O Nc6 7. c4 Nb6 8. exd6
cxd6 9. b3 d5 10. c5 Nc8 11. Bf4 Be7 12. Nc3 a6 13. h3 Bxf3 14. Bxf3 Bf6 15.
Be3 N8e7 16. Qd2 O-O 17. Ne2 e5 18. dxe5 Nxe5 19. Rad1 Nxf3+ 20. gxf3 Qd7 21.
Kg2 Rfd8 22. Bf4 Ng6 23. Bg3 Rac8 24. b4 Rc6 25. Nf4 Bg5 26. Kh2 Bxf4 27. Bxf4
Rf6 28. Bg3 Rxf3 29. Qe2 Qf5 30. Rd4 h5 31. h4 f6 32. Rc1 Ne5 33. Kg2 Ra3 34.
Rf4 Qg6 35. Rd1 Nc6 36. Rd2 Re8 37. Qf1 d4 38. b5 axb5 39. Qxb5 Qf7 40. Rd1
Qd5+ 41. Kh2 Re7 42. Qb1 Ne5 43. Rf5 d3 44. Rf4 d2 45. Qb4 Rd3 46. c6 Nxc6 47.
Qa4 Re1 0-1

[Event "Oberliga Ost B 2017 2018"]
[Site "Germany"]
[Date "2018.02.03"]
[Round "6.1"]
[White "Strache, Michael"]
[Black "Teske, Henrik"]
[Result "0-1"]
[WhiteElo "2287"]
[BlackElo "2471"]
[PlyCount "148"]
[EventDate "2017.10.22"]
[EventType "team-tourn"]
[EventCountry "GER"]
[WhiteTeam "Sangerhausen SV"]
[BlackTeam "Erfurt SV Empor"]
[WhiteTeamCountry "GER"]
[BlackTeamCountry "GER"]

1. f4 c5 2. Nf3 Nc6 3. e3 g6 4. d4 Bg7 5. c3 Nf6 6. Bd3 d6 7. dxc5 dxc5 8. e4
e5 9. Na3 O-O 10. O-O exf4 11. Bxf4 Be6 12. Qe2 Re8 13. Ng5 Bg4 14. Qc2 h6 15.
Nf3 Nh5 16. Be3 Qe7 17. Rae1 Rac8 18. Qf2 Bxf3 19. gxf3 Ne5 20. Be2 c4 21. Rd1
a6 22. f4 Nd3 23. Bxd3 cxd3 24. e5 f6 25. Qg2 fxe5 26. fxe5 Qxe5 27. Rxd3 Rcd8
28. Bd4 Qe4 29. Qxe4 Rxe4 30. Nc2 Nf4 31. Rd2 Ne2+ 32. Kg2 Nxd4 33. cxd4 Rd5
34. Kf3 Rh4 35. Rg1 Kh7 36. Rg4 Rh3+ 37. Rg3 Rhh5 38. Ke4 Rd7 39. Rf3 g5 40.
Kd3 Kg6 41. h3 Rh4 42. Kc4 Re4 43. Kd3 Rh4 44. Kc4 h5 45. Rfd3 Re4 46. Re3 Rc7+
47. Kd3 Rf4 48. Re6+ Kf7 49. Re4 Rf3+ 50. Re3 Rf1 51. Re1 Rf5 52. Ne3 Rf4 53.
Rf1 Rxf1 54. Nxf1 Rc1 55. Ke2 Bh6 56. Rd3 Rc2+ 57. Kf3 Rxb2 58. d5 Rb4 59. d6
g4+ 60. hxg4 hxg4+ 61. Kg3 Ke8 62. d7+ Kd8 63. Kh4 Bg7 64. Nd2 Bf6+ 65. Kh5 Be5
66. Nb3 b6 67. Kh4 g3+ 68. Kh3 Ra4 69. Rd5 Re4 70. Nd2 Re2 71. Nf3 g2 72. Nxe5
Rxe5 73. Rd1 Re2 74. a4 Rd2 0-1

[Event "Oberliga Ost B 2017 2018"]
[Site "Germany"]
[Date "2018.02.03"]
[Round "6.2"]
[White "Langheinrich, Ferenc"]
[Black "Richter, Dustin"]
[Result "1/2-1/2"]
[WhiteElo "2373"]
[BlackElo "2176"]
[PlyCount "47"]
[EventDate "2017.10.22"]
[EventType "team-tourn"]
[EventCountry "GER"]
[WhiteTeam "Erfurt SV Empor"]
[BlackTeam "Sangerhausen SV"]
[WhiteTeamCountry "GER"]
[BlackTeamCountry "GER"]

1. d4 Nf6 2. c4 g6 3. Nc3 Bg7 4. e4 d6 5. f3 O-O 6. Be3 Nbd7 7. Bd3 c5 8. Nge2
b6 9. O-O cxd4 10. Nxd4 Bb7 11. Rc1 Rc8 12. b3 a6 13. Qd2 Re8 14. Kh1 Qc7 15.
Bh6 Bh8 16. Nd5 Qb8 17. Nf5 Nxd5 18. exd5 e6 19. dxe6 Rxe6 20. Ng3 Rce8 21. b4
Nf6 22. Qf4 Nd7 23. Qd2 Nf6 24. Qf4 1/2-1/2

[Event "Oberliga Ost B 2017 2018"]
[Site "Germany"]
[Date "2018.02.03"]
[Round "6.3"]
[White "Hillmann, Michael"]
[Black "Michalowski, Peter"]
[Result "1-0"]
[WhiteElo "2159"]
[BlackElo "2064"]
[PlyCount "87"]
[EventDate "2017.10.22"]
[EventType "team-tourn"]
[EventCountry "GER"]
[WhiteTeam "Sangerhausen SV"]
[BlackTeam "Erfurt SV Empor"]
[WhiteTeamCountry "GER"]
[BlackTeamCountry "GER"]

1. Nf3 Nf6 2. c4 e6 3. d4 d5 4. g3 Be7 5. Bg2 O-O 6. O-O dxc4 7. Ne5 Nc6 8.
Bxc6 bxc6 9. Nxc6 Qe8 10. Nxe7+ Qxe7 11. Qa4 e5 12. dxe5 Qxe5 13. Qxc4 Be6 14.
Qd3 Rad8 15. Qe3 Qh5 16. f3 Rfe8 17. Qf2 Bc4 18. Nc3 Nd5 19. Re1 Nb4 20. Rb1
Nxa2 21. Nxa2 Bxa2 22. Ra1 Bc4 23. Rxa7 Qb5 24. e4 f5 25. Rxc7 fxe4 26. fxe4
Rf8 27. Qc5 Qxc5+ 28. Rxc5 Rd4 29. e5 Rfd8 30. Be3 Re4 31. Bf2 Rxe1+ 32. Bxe1
Be6 33. Kf2 Rd5 34. Rxd5 Bxd5 35. Ke3 Kf7 36. Kd4 Ke6 37. Bc3 Bb3 38. Kc5 g6
39. Kb4 Ba2 40. Ka4 Kd5 41. b4 Kc6 42. b5+ Kd7 43. Kb4 Be6 44. Kc5 1-0

[Event "Oberliga Ost B 2017 2018"]
[Site "Germany"]
[Date "2018.02.03"]
[Round "6.4"]
[White "Weishaeutel, Moritz"]
[Black "Hellwig, Tobias"]
[Result "0-1"]
[WhiteElo "1983"]
[BlackElo "2197"]
[PlyCount "62"]
[EventDate "2017.10.22"]
[EventType "team-tourn"]
[EventCountry "GER"]
[WhiteTeam "Erfurt SV Empor"]
[BlackTeam "Sangerhausen SV"]
[WhiteTeamCountry "GER"]
[BlackTeamCountry "GER"]

1. e4 Nf6 2. Nc3 e5 3. Nf3 Nc6 4. d4 exd4 5. Nxd4 Bb4 6. Nxc6 bxc6 7. Bd3 d5 8.
Bd2 Qe7 9. O-O O-O 10. Re1 d4 11. Ne2 Bxd2 12. Qxd2 c5 13. Nf4 Ng4 14. e5 Qg5
15. Rad1 Nxe5 16. Be4 Rb8 17. Nd5 Qxd2 18. Rxd2 Rxb2 19. Ne7+ Kh8 20. Nxc8 Rxc8
21. Bf5 Rf8 22. Rde2 Ng6 23. Bd3 f6 24. Re8 Rb8 25. Bxg6 hxg6 26. R8e7 Rb2 27.
c3 dxc3 28. Rc1 c2 29. Kf1 Rd8 30. a4 Rd1+ 31. Re1 Rb1 0-1

[Event "Oberliga Ost B 2017 2018"]
[Site "Germany"]
[Date "2018.02.03"]
[Round "6.5"]
[White "Heyder, Florian"]
[Black "Wiemers, Holger"]
[Result "1-0"]
[WhiteElo "2174"]
[BlackElo "1975"]
[PlyCount "103"]
[EventDate "2017.10.22"]
[EventType "team-tourn"]
[EventCountry "GER"]
[WhiteTeam "Sangerhausen SV"]
[BlackTeam "Erfurt SV Empor"]
[WhiteTeamCountry "GER"]
[BlackTeamCountry "GER"]

1. d4 d5 2. Nc3 Nf6 3. Bf4 Bf5 4. Nb5 Na6 5. e3 e6 6. a3 c6 7. Nc3 Nb8 8. Nf3
Bg4 9. h3 Bxf3 10. Qxf3 Bd6 11. Bg5 Nbd7 12. e4 dxe4 13. Nxe4 Be7 14. Nxf6+
Nxf6 15. O-O-O Qd5 16. Qxd5 Nxd5 17. Bd2 O-O-O 18. Be2 Bf6 19. c3 Rd7 20. g3
Kb8 21. h4 Be7 22. c4 Nb6 23. Be3 Rhd8 24. Rd2 Ka8 25. Rhd1 Bf6 26. Kc2 Nc8 27.
b3 Be7 28. b4 Bf6 29. Kb3 Ne7 30. Bg4 Nc8 31. d5 cxd5 32. cxd5 Rxd5 33. Rxd5
exd5 34. Bxc8 Rxc8 35. Rxd5 Rd8 36. Kc4 b6 37. Rxd8+ Bxd8 38. Bd4 g6 39. Kd5
Kb7 40. Kd6 Kc8 41. b5 h6 42. f4 Bc7+ 43. Ke7 f5 44. Bg7 g5 45. fxg5 hxg5 46.
h5 f4 47. gxf4 gxf4 48. h6 f3 49. Bd4 f2 50. Bxf2 Be5 51. h7 Kb7 52. Bh4 1-0

[Event "Oberliga Ost B 2017 2018"]
[Site "Germany"]
[Date "2018.02.03"]
[Round "6.6"]
[White "Nicolai, Tim"]
[Black "Guenther, Christian"]
[Result "0-1"]
[WhiteElo "1909"]
[BlackElo "2137"]
[PlyCount "100"]
[EventDate "2017.10.22"]
[EventType "team-tourn"]
[EventCountry "GER"]
[WhiteTeam "Erfurt SV Empor"]
[BlackTeam "Sangerhausen SV"]
[WhiteTeamCountry "GER"]
[BlackTeamCountry "GER"]

1. e4 Nf6 2. e5 Nd5 3. d4 d6 4. Bc4 Nb6 5. Bb3 dxe5 6. Qh5 e6 7. dxe5 Nc6 8.
Nf3 a5 9. a4 Nd4 10. Nxd4 Qxd4 11. O-O g6 12. Qe2 Bg7 13. Re1 Nd7 14. Bd2 Qxe5
15. Qc4 Qc5 16. Qe2 O-O 17. Nc3 b6 18. Ne4 Qc6 19. Ng5 Nc5 20. Bc4 Bxb2 21. Qg4
Bb7 22. Rab1 Bg7 23. Qh3 h6 24. Nf3 h5 25. Ne5 Qd6 26. Bf4 Qe7 27. g4 Qf6 28.
Bg3 hxg4 29. Qxg4 Qf5 30. Qh4 f6 31. Nxg6 Qxg6 32. Rxe6 Nxe6 33. Bxe6+ Rf7 34.
Rd1 Kf8 35. Bxf7 Qxf7 36. Qg4 Bc6 37. Rd3 Re8 38. f3 f5 39. Qg5 Bxa4 40. h4 Qf6
41. Qh5 f4 42. Bf2 Bxc2 43. Rd7 Qg6+ 44. Qxg6 Bxg6 45. Rxc7 b5 46. Rc5 b4 47.
Rg5 Kf7 48. h5 Bc2 49. Rxa5 b3 50. Ra7+ Re7 0-1

[Event "Oberliga Ost B 2017 2018"]
[Site "Germany"]
[Date "2018.02.03"]
[Round "6.7"]
[White "Duchrow, Oliver"]
[Black "Pichl, Michael"]
[Result "1-0"]
[WhiteElo "2039"]
[BlackElo "2049"]
[PlyCount "63"]
[EventDate "2017.10.22"]
[EventType "team-tourn"]
[EventCountry "GER"]
[WhiteTeam "Sangerhausen SV"]
[BlackTeam "Erfurt SV Empor"]
[WhiteTeamCountry "GER"]
[BlackTeamCountry "GER"]

1. e4 c5 2. Nc3 a6 3. g3 Nc6 4. Bg2 g6 5. f4 Bg7 6. d3 d6 7. Nf3 Nf6 8. O-O O-O
9. h3 Rb8 10. Nh4 Bd7 11. Ne2 b5 12. g4 c4 13. d4 e6 14. g5 Ne8 15. f5 exf5 16.
exf5 Nc7 17. f6 Bh8 18. Ng3 d5 19. Rf2 Be6 20. Bf4 Rb7 21. Nf3 Qd7 22. Nh2 h5
23. c3 Bxh3 24. Bxc7 Bxg2 25. Kxg2 Rxc7 26. Nxh5 Re8 27. Qf3 Re4 28. Ng3 Re6
29. Rh1 Rc8 30. Qf4 Rce8 31. Qh4 Re4 32. Ng4 1-0

[Event "Oberliga Ost B 2017 2018"]
[Site "Germany"]
[Date "2018.02.03"]
[Round "6.8"]
[White "Bergmann, Harald"]
[Black "Buerckner, Georg"]
[Result "0-1"]
[WhiteElo "1782"]
[BlackElo "2044"]
[PlyCount "48"]
[EventDate "2017.10.22"]
[EventType "team-tourn"]
[EventCountry "GER"]
[WhiteTeam "Erfurt SV Empor"]
[BlackTeam "Sangerhausen SV"]
[WhiteTeamCountry "GER"]
[BlackTeamCountry "GER"]

1. e4 e5 2. Nf3 Nc6 3. Bb5 a6 4. Bxc6 dxc6 5. d4 exd4 6. Qxd4 Be6 7. Bg5 f6 8.
Qxd8+ Rxd8 9. Bf4 Rd7 10. Nbd2 Ne7 11. Nb3 Ng6 12. Bg3 Bxb3 13. axb3 Bc5 14.
Rd1 Re7 15. O-O Rxe4 16. Bxc7 O-O 17. Rfe1 Rfe8 18. Kf1 Kf7 19. Rd7+ R8e7 20.
Rxe7+ Rxe7 21. Bg3 Rd7 22. Ke2 Ne7 23. Rd1 Nd5 24. Kf1 Ne3+ 0-1

[Event "Oberliga Ost B 2017 2018"]
[Site "Germany"]
[Date "2018.02.03"]
[Round "6.1"]
[White "Chojnacki, Krzysztof"]
[Black "Zimmermann, Hendrik"]
[Result "1-0"]
[WhiteElo "2377"]
[BlackElo "2175"]
[PlyCount "89"]
[EventDate "2017.10.22"]
[EventType "team-tourn"]
[EventCountry "GER"]
[WhiteTeam "Wiesbadener SV"]
[BlackTeam "Frankfurt SC Koenig Nied"]
[WhiteTeamCountry "GER"]
[BlackTeamCountry "GER"]

1. d4 f5 2. c4 Nf6 3. e3 g6 4. Nf3 Bg7 5. b4 O-O 6. Bb2 d6 7. Be2 e6 8. Nc3 Qe7
9. Qb3 a5 10. a3 b6 11. O-O Bb7 12. d5 e5 13. Rac1 h6 14. c5 axb4 15. axb4 bxc5
16. bxc5 Ba6 17. Ra1 Bxe2 18. Rxa8 Bxf1 19. Rxb8 Ba6 20. Rxf8+ Bxf8 21. Qa4 Bc8
22. c6 Qd8 23. Qa8 Be7 24. Nd2 g5 25. Nc4 f4 26. e4 f3 27. gxf3 g4 28. fxg4
Nxg4 29. f3 Nf6 30. Ne2 Nh5 31. Ng3 Nf4 32. Ne3 h5 33. Nef5 Bf6 34. Bc1 Nh3+
35. Kg2 h4 36. Nh5 Kf7 37. Nh6+ Kg6 38. Nxf6 Kxf6 39. Ng4+ Kg6 40. Qb8 Nf4+ 41.
Bxf4 h3+ 42. Kg3 exf4+ 43. Kxf4 Qg5+ 44. Kg3 Bxg4 45. Qg8+ 1-0

[Event "Oberliga Ost B 2017 2018"]
[Site "Germany"]
[Date "2018.02.03"]
[Round "6.3"]
[White "Dubkov, Andrej"]
[Black "Wege, Jochen"]
[Result "1-0"]
[WhiteElo "2328"]
[BlackElo "2294"]
[PlyCount "117"]
[EventDate "2017.10.22"]
[EventType "team-tourn"]
[EventCountry "GER"]
[WhiteTeam "Wiesbadener SV"]
[BlackTeam "Frankfurt SC Koenig Nied"]
[WhiteTeamCountry "GER"]
[BlackTeamCountry "GER"]

1. Nf3 Nf6 2. c4 c5 3. g3 b6 4. Bg2 Bb7 5. Nc3 e6 6. O-O Be7 7. d4 cxd4 8. Qxd4
d6 9. Bg5 a6 10. Bxf6 Bxf6 11. Qf4 Ra7 12. Rad1 Be7 13. Ne4 Bxe4 14. Qxe4 O-O
15. Nd4 Qc8 16. b3 Qc5 17. a4 Rc7 18. Qb1 Rfc8 19. Rd2 Nd7 20. Rfd1 Nf6 21. e3
d5 22. cxd5 Nxd5 23. Bxd5 Qxd5 24. b4 b5 25. Nxb5 Qxd2 26. Nxc7 Qe2 27. Rd7 Rd8
28. Rxd8+ Bxd8 29. Qc1 h5 30. b5 Bxc7 31. Qxc7 Qd1+ 32. Kg2 h4 33. gxh4 axb5
34. Qb8+ Kh7 35. axb5 Qg4+ 36. Qg3 Qc4 37. b6 Qc6+ 38. Qf3 Qxb6 39. Qxf7 Qc6+
40. Qf3 Qc4 41. h5 Qh4 42. h3 Qg5+ 43. Qg4 Qd5+ 44. e4 Qe5 45. Qg6+ Kh8 46. h6
gxh6 47. Qxh6+ Kg8 48. Qg6+ Kh8 49. h4 Qc7 50. Qh6+ Kg8 51. Qxe6+ Kh8 52. Qf6+
Kg8 53. Qg5+ Kh8 54. h5 Qc6 55. Qe5+ Kh7 56. Qf5+ Kh8 57. h6 Qg6+ 58. Kh2 Qd6+
59. e5 1-0